|
|
|
|
| LEADER |
00000nam0a2200000 4500 |
| 001 |
182411 |
| 005 |
20231101223704.0 |
| 010 |
|
|
|a 0582089573
|
| 035 |
|
|
|a (RuTPU)RU\TPU\book\197746
|
| 090 |
|
|
|a 182411
|
| 100 |
|
|
|a 20100621d1995 m y0engy50 ba
|
| 101 |
0 |
|
|a eng
|
| 102 |
|
|
|a GB
|
| 105 |
|
|
|a a z 001zy
|
| 200 |
1 |
|
|a Creative Grammar Practice
|f G. Gerngross, H. Puchta
|
| 205 |
|
|
|a 2-е изд.
|
| 210 |
|
|
|a [Б. м.]
|c Longman
|d 1995
|
| 215 |
|
|
|a 134 p.
|c il.
|
| 225 |
1 |
|
|a Pilgrims Longman Resource Books
|
| 320 |
|
|
|a Bibliography: p. 133.
|
| 606 |
1 |
|
|a Английский язык
|x Учебные руководства и пособия для высшей школы
|x Пособия по грамматике
|2 stltpush
|3 (RuTPU)RU\TPU\subj\29073
|9 52485
|
| 610 |
1 |
|
|a лексика
|
| 610 |
1 |
|
|a самостоятельная работа
|
| 610 |
1 |
|
|a чтение
|
| 610 |
1 |
|
|a упражнения
|
| 686 |
|
|
|a Ш143.21-923.2
|v LBC/SL-A
|2 rubbk
|
| 700 |
|
1 |
|a Gerngross
|b G.
|
| 701 |
|
1 |
|a Puchta
|b H.
|
| 801 |
|
1 |
|a RU
|b 63413507
|c 20100621
|
| 801 |
|
2 |
|a RU
|b 63413507
|c 20200601
|g RCR
|
| 942 |
|
|
|c BK
|